Electrical fire analysis / (Record no. 5972)

MARC details
000 -LEADER
fixed length control field 00676nac a22002051u 4500
010 ## - LIBRARY OF CONGRESS CONTROL NUMBER
LC control number 87010257
020 ## - INTERNATIONAL STANDARD BOOK NUMBER
International Standard Book Number 0398053812
082 00 - DEWEY DECIMAL CLASSIFICATION NUMBER
Classification number 363.3764
Item number YER
090 ## - LOCALLY ASSIGNED LC-TYPE CALL NUMBER (OCLC); LOCAL CALL NUMBER (OCLC)
-- 5972
-- 5972
100 ## - MAIN ENTRY--PERSONAL NAME
Personal name Yereance, Robert A.,
245 10 - TITLE STATEMENT
Title Electrical fire analysis /
Statement of responsibility, etc by Robert A. Yereance.
260 ## - PUBLICATION, DISTRIBUTION, ETC. (IMPRINT)
Place of publication, distribution, etc Springfield, Ill., U.S.A. :
Name of publisher, distributor, etc C.C. Thomas,c1987.
Date of publication, distribution, etc c1987.
300 ## - PHYSICAL DESCRIPTION
Extent xv, 263 p. ;
Dimensions 26 cm.
500 ## - GENERAL NOTE
General note Includes index.
500 ## - GENERAL NOTE
General note Distributer: Al-Ahram.
511 ## - PARTICIPANT OR PERFORMER NOTE
Participant or performer note Catalogued By: Mahitab.
650 #0 - SUBJECT ADDED ENTRY--TOPICAL TERM
Topical term or geographic name as entry element Fire investigation.
650 #0 - SUBJECT ADDED ENTRY--TOPICAL TERM
Topical term or geographic name as entry element Electric apparatus and appliances
General subdivision Fires and fire prevention.
942 ## - ADDED ENTRY ELEMENTS (KOHA)
Item type Book - Borrowing
Call number prefix 363.3764YER
Holdings
Withdrawn status Item status Damaged status Not for loan Home library Current library Shelving location Date acquired Source of acquisition Total Checkouts Full call number Barcode Date last seen Koha item type
        Central Library Central Library First floor 07/11/2011 Purchase   363.3764YER 000006971 15/07/2025 Book - Borrowing